| 000 | 00729nam a2200193 i 4500 | ||
|---|---|---|---|
| 001 | 100798 | ||
| 003 | ES-MaACL | ||
| 005 | 20251011063120.0 | ||
| 007 | t| | ||
| 008 | 051005s1960 sp ||||1| spa d | ||
| 100 | 1 |
_aMatilla Tascón, Antonio, _d1914-2001 _979079 |
|
| 245 | 1 | 0 |
_aCartilla de organización de archivos / _cA. Matilla Tascón. |
| 260 |
_aMadrid : _bDirección General de Archivos y Bibliotecas, _c1960. |
||
| 300 |
_a40 p., 1 h. pleg. ; _c22 cm. |
||
| 500 | _aEs tirada aparte del Boletín de la Dirección General de Archivos y Bibliotecas, nº 55. | ||
| 710 | 1 |
_aEspaña. _bDirección General de Archivos y Bibliotecas. _93701 |
|
| 852 |
_aES-MaACL _j2052-F-24 _bR.60681 |
||
| 999 |
_c100798 _d100798 |
||